Visualizzazione normale
Vista MARC
- Socci, Antonio,
di Personal Name
Records bibliografici associati: 1
001 - CONTROL NUMBER
- control field: 35469
003 - CONTROL NUMBER IDENTIFIER
- control field: IT-RoPau
005 - DATE AND TIME OF LATEST TRANSACTION
- control field: 20150724092953.0
008 - FIXED-LENGTH DATA ELEMENTS
- fixed length control field: 150724|| aca||aabn | a|a d
040 ## - CATALOGING SOURCE
- Original cataloging agency: IT-RoPau
- Transcribing agency: IT-RoPau
100 ## - HEADING--PERSONAL NAME
- Personal name: Socci, Antonio,
- Dates associated with a name: 1959-
- Relator term: author.
670 ## - SOURCE DATA FOUND
- Source citation: Work cat.: (IT-RoPau)0: Socci, Antonio, 1959- author., Non è Francesco :, 2014